Myself and other problems. (Record no. 3401)

000 -LEADER
fixed length control field 00556nam a2200181 a 4500
001 - CONTROL NUMBER
control field :::00001131$&:&@@
003 - CONTROL NUMBER IDENTIFIER
control field OkBaRHE
005 - DATE AND TIME OF LATEST TRANSACTION
control field 20000607103241.0
008 - FIXED-LENGTH DATA ELEMENTS--GENERAL INFORMATION
fixed length control field j 000 0 eng u
040 ## - CATALOGING SOURCE
Transcribing agency
100 1# - MAIN ENTRY--PERSONAL NAME
Personal name Smyth, J. Paterson (John Paterson), d1932.
245 10 - TITLE STATEMENT
Title Myself and other problems.
260 ## - PUBLICATION, DISTRIBUTION, ETC. (IMPRINT)
Place of publication, distribution, etc London, UK:EN., :
Name of publisher, distributor, etc Hodder and Stoughton
Date of publication, distribution, etc nd
300 ## - PHYSICAL DESCRIPTION
Extent 263 p. ;
Dimensions 19 cm.
650 ## - SUBJECT ADDED ENTRY--TOPICAL TERM
Topical term or geographic name as entry element Bible
General subdivision Theology
942 ## - ADDED ENTRY ELEMENTS (KOHA)
Source of classification or shelving scheme
Koha item type Books
Copies
Permanent Location Price effective from Date acquired Copy number Withdrawn status Shelving location Barcode Damaged status Date last seen Lost status Not for loan Koha item type Full call number Source of classification or shelving scheme
RHEMA Bible Training College2010-04-142010-04-141 General Stacks1131 2018-02-16  BooksBS 543 .S62